Mais gols Milan - Statistics

Estatísticas Gerais
  • Esse quiz foi jogado 31 vezes
    29 desde o último reset
  • A pontuação média é 4 de 10
Estatísticas das Respostas
Gols Nacionalidade Período Jogador % Correto
182 Ucr 1999–2006,2008–2009 Andriy Shevchenko
92%
104 Bra 2003–2009,2013–2014 Kaká
88%
126 Ita 2001-2012 Filippo Inzaghi
68%
124 Hol 1987-1995 Marco van Basten
60%
161 Bra/Ita 1958–1965 José Altafini /Mazzola
44%
163 Ita 1960-1979 Gianni Rivera
16%
210 Sue 1949-1956 Gunnar Nordahl
12%
136 Ita 1936–1944 Aldo Boffi
4%
106 Ita 1921–1932 Giuseppe Santagostino
4%
102 Ita 1965-1973 Pierino Prati
4%
Nenhum quiz correspondente encontrado
Distribuição das Pontuações
Porcentagem de Pessoas com Cada Pontuação
Percentil de Números Respondidos
Sua Pontuação Histórica
Você não jogou esse quiz desde o último reset